000 00979cab a2200241 4500
001 ABS60613
008 090401t1999 xxu||||| |||| 00| 0 eng d
035 _a(Sirsi) u93671
041 _aeng
100 _aGrigg, P.
245 _aBuilding performance benchmarks
260 _c1999
350 _a0
490 _aBuilding Services Journal
_v21(5) May 1999, 49(1)
520 _aIntroduces CIBSE's publication TM 22 Energy Assessment and Reporting Methodology: Office Assessment Method which provides ready access to a fully developed method of assessing office energy use complete with worksheets and comparison with benchmarks. Argues that energy consumption should have a higher profile in organisations, and discusses ways of applying energy benchmarks.
650 _aBENCHMARKING
650 _aENERGY CONSUMPTION
650 _aENERGY PERFORMANCE
650 _aOFFICE BUILDINGS
690 _aBUILDING AND CONSTRUCTION-ENERGY
942 _n0
948 _c01/06/1999
999 _c59369
_d59369